| Tag |
First Indicator |
Second Indicator |
Subfields |
| LEADER |
00000cam a2200000 a 4500 |
| 001 |
in00002145002 |
| 006 |
m e d # |
| 007 |
cr mn mmmmabba |
| 008 |
820826s1798 mauaf js 000 1 eng d |
| 005 |
20260331142428.5 |
| 035 |
|
|
|z w012729
|
| 035 |
|
|
|a MAAR8208263615B
|
| 035 |
|
|
|9 mwa91-52602
|
| 035 |
|
|
|a 337779
|
| 035 |
|
|
|a aas03012729
|
| 040 |
|
|
|a MWA
|c MWA
|e bdrb
|d UtOrBLW
|
| 100 |
0 |
|
|a H. S.
|
| 245 |
1 |
4 |
|a The history of the Davenport family :
|b in which is displayed a striking contrast between haughty indolence and healthful activity, in the characters of the young Davenports, and their cousins, Sophia and Amelia Easy. : Interspersed with moral reflections. /
|c By H.S. ; Two volumes in one. ; Embellished with engravings.
|
| 264 |
|
3 |
|a Boston :
|b Printed and sold by Spotswood and Etheridge,
|c 1798.
|
| 300 |
|
|
|a 144 pages, 1 unnumbered leaf of plates :
|b illustrations ;
|c 14 cm. (duodecimo)
|
| 336 |
|
|
|a text
|b txt
|2 rdacontent
|
| 337 |
|
|
|a computer
|b c
|2 rdamedia
|
| 338 |
|
|
|a online resource
|b cr
|2 rdacarrier
|
| 510 |
4 |
|
|a Evans
|c 34505
|
| 530 |
|
|
|a Microform version available in the Readex Early American Imprints series.
|
| 533 |
|
|
|a Electronic text and image data.
|b [Chester, Vt. :
|c Readex, a division of Newsbank, Inc.,
|d 2002-2004.
|e Includes files in TIFF, GIF and PDF formats with inclusion of keyword searchable text.
|f (Early American imprints. First series ; no. 34505).
|
| 500 |
|
|
|a Electronic resource.
|
| 650 |
|
0 |
|a Didactic literature.
|
| 655 |
|
7 |
|a Juvenile literature
|y 1798.
|2 rbgenr
|
| 752 |
|
|
|a United States
|b Massachusetts
|d Boston.
|
| 830 |
|
0 |
|a Early American imprints.
|n Series I,
|p Evans (1639-1800) ;
|v no. 34505.
|
| 856 |
4 |
1 |
|u http://proxy.library.tamu.edu/login?url=https://opac.newsbank.com/select/evans/34505
|y Evans Digital Edition
|t 0
|
| 999 |
|
|
|a MARS
|
| 999 |
f |
f |
|s 3b1d5781-fc7e-384c-bd27-611c465fb6e1
|i 53c45cd2-f5bd-3653-ab5c-0f4fdf6494ef
|t 0
|
| 952 |
f |
f |
|a Texas A&M University
|b College Station
|c Electronic Resources
|s www_evans
|d Available Online
|t 0
|h No information provided
|
| 998 |
f |
f |
|t 0
|l Available Online
|